| 000 | 00975nam a2200301 a 4500 | ||
|---|---|---|---|
| 001 | 000003564 | ||
| 003 | DO-SdBNP | ||
| 005 | 20240118082607.0 | ||
| 007 | ta | ||
| 008 | 090630s2007 dr a 000 0 spa d | ||
| 020 | _a9789945421217 | ||
| 040 |
_aDO-SdBNP _bspa _cBPMSU |
||
| 082 | 4 |
_aRD861.44 _bB844e 2007 _222 |
|
| 100 | 1 |
_aBretón Martínez, Freddy, _d1947- |
|
| 100 | z | _aBretón, Freddy Martínez | |
| 245 | 1 | 0 |
_aEntre la voz y el fuego / _cFreddy Bretón Martínez ; prólogo Bruno Rosario Candelier. |
| 260 |
_aSanto Domingo : _bAmigo del hogar, _c2007. |
||
| 300 |
_a366 p. : _bil. ; _c17 cm. |
||
| 490 | 0 | _aPoesía | |
| 500 | _aIncluye índice | ||
| 500 | _aIncluye datos biográficos del autor en la solapa de la contracubierta | ||
| 590 | _aInventariado, 2024/VM | ||
| 650 | 4 | _aPoesía dominicana | |
| 650 | 4 | _aLiteratura dominicana. | |
| 700 | 1 |
_aRosario Candelier, Bruno, _d1941- _eprol. |
|
| 910 | _aVMateo V.Control de calidad BPMSU | ||
| 942 |
_2ddc _cBK |
||
| 999 |
_c14533 _d14533 |
||